| 000 | 00705 a2200205 4500 | ||
|---|---|---|---|
| 010 | _aENG-86935 | ||
| 020 |
_a8188965308 _c500.00 |
||
| 035 | _aEN-70468 | ||
| 037 | _bDBAD / PUB | ||
| 082 | 1 | 4 | _a306.709 |
| 090 |
_c5683 _d5683 |
||
| 245 | 1 |
_aSexualities _cedited by Nivedita Menon |
|
| 260 |
_aNew Delhi _bWomen Unlimited _c2007 |
||
| 270 |
_aK-36, Hauz Khas Enclave , Ground Floor _bNew Delhi _e110 016 |
||
| 300 |
_aix, 333 p. _c21 cm (Hb.) |
||
| 490 | _aissues in contemporary Indian feminism edited by Rajeswari Sunder Rajan | ||
| 700 | 1 | _aMenon, Nivedita | |
| 942 |
_adpl _cEN _k306.709 / SEX |
||
| 999 |
_c5576 _d5576 |
||